[Event "XII Festival B"]
[Site "Porto San Giorgio ITA"]
[Date "2000.08.20"]
[Round "1"]
[White "Amico, Rosario"]
[Black "Refi, Roberto"]
[Result "0-1"]
[WhiteElo "1681"]
[BlackElo "1651"]
[PlyCount "63"]
[EventDate "2000.08.20"]

1. d4 f5 2. g3 Nf6 3. Bg2 e6 4. Nf3 d6 5. O-O Be7 6. c4 c6 7. Nc3 Na6 8. Nh4
Nc7 9. e4 fxe4 10. Nxe4 Nxe4 11. Qh5+ Kd7 12. Bxe4 Bxh4 13. gxh4 g6 14. Qh6 Qf8
15. Bg5 b5 16. b3 Ba6 17. Rac1 bxc4 18. bxc4 d5 19. Bd3 Ne8 20. Rfd1 dxc4 21.
Qxf8 Rxf8 22. Bxc4 Bxc4 23. Rxc4 Nd6 24. Rc2 Rab8 25. Rdc1 Rb6 26. Be3 Ra6 27.
Kg2 Rf5 28. f3 Rfa5 29. Ra1 Ra3 30. Bg5 Nf5 31. Bf6 Ne3+ 32. Kf2 0-1

[Event "XII Festival B"]
[Site "Porto San Giorgio ITA"]
[Date "2000.08.21"]
[Round "2"]
[White "Amico, Rosario"]
[Black "Pais, Mario"]
[Result "1-0"]
[WhiteElo "1681"]
[BlackElo "1536"]
[PlyCount "51"]
[EventDate "2000.08.20"]

1. d4 d5 2. c4 c6 3. Nf3 Nf6 4. Nc3 Nbd7 5. cxd5 cxd5 6. Bf4 a6 7. e3 e6 8. h3
Bb4 9. a3 Bxc3+ 10. bxc3 O-O 11. Bd3 Qa5 12. Qc2 Ne4 13. O-O f5 14. c4 Ndf6 15.
Ne5 Bd7 16. f3 Ba4 17. Qe2 Nd2 18. Rf2 Nb3 19. Rb1 Rac8 20. Bc2 dxc4 21. Nxc4
Qc3 22. Nd6 Nxd4 23. exd4 Qxc2 24. Qxe6+ Kh8 25. Rxc2 Bxc2 26. Rxb7 1-0

[Event "XII Festival B"]
[Site "Porto San Giorgio ITA"]
[Date "2000.08.22"]
[Round "3"]
[White "Suppa, Carlo"]
[Black "Amico, Rosario"]
[Result "0-1"]
[WhiteElo "1410"]
[BlackElo "1681"]
[PlyCount "60"]
[EventDate "2000.08.20"]

1. d4 Nf6 2. Nf3 g6 3. Bg5 Bg7 4. Nbd2 d6 5. e3 Nbd7 6. Bd3 c6 7. c3 O-O 8. Qc2
e5 9. dxe5 dxe5 10. Ne4 Qc7 11. Nxf6+ Nxf6 12. O-O Be6 13. Be2 Bf5 14. Qb3 Be6
15. Qc2 Ng4 16. h3 Nh6 17. Rfd1 f5 18. Rd2 Nf7 19. Bh4 Nd6 20. Bg3 Ne4 21. Rdd1
Nxg3 22. fxg3 Qb6 23. Qc1 Bh6 24. Qc2 Qxe3+ 25. Kh2 Rad8 26. Rxd8 Rxd8 27. Rd1
Rxd1 28. Qxd1 Bxa2 29. Qd8+ Bf8 30. Ng5 h6 0-1

[Event "XII Festival B"]
[Site "Porto San Giorgio ITA"]
[Date "2000.08.23"]
[Round "4"]
[White "Amico, Rosario"]
[Black "Vannicola, Rodolfo"]
[Result "1-0"]
[WhiteElo "1681"]
[BlackElo "1672"]
[PlyCount "75"]
[EventDate "2000.08.20"]

1. d4 Nf6 2. c4 g6 3. Nc3 Bg7 4. e4 d6 5. f3 O-O 6. Be3 e5 7. Nge2 Nc6 8. d5
Ne7 9. Qd2 c6 10. O-O-O cxd5 11. cxd5 Bd7 12. Kb1 a6 13. h4 b5 14. a3 Nc8 15.
h5 Nb6 16. Ng3 b4 17. axb4 Ba4 18. Nxa4 Nxa4 19. hxg6 fxg6 20. Bd3 a5 21. b5
Nb6 22. Rc1 Nfd7 23. Rc6 Nc5 24. Bxc5 dxc5 25. Rxc5 a4 26. Ne2 a3 27. b3 a2+
28. Ka1 Rf7 29. Bc4 Rd7 30. Rc6 Kh8 31. Rxg6 Nxc4 32. bxc4 Ra4 33. c5 Rda7 34.
b6 R7a5 35. Rxg7 Kxg7 36. Qh6+ Kg8 37. Qxh7+ Kf8 38. Qh8+ 1-0

[Event "XII Festival B"]
[Site "Porto San Giorgio ITA"]
[Date "2000.08.24"]
[Round "5"]
[White "Ambrosi, Eleonora"]
[Black "Amico, Rosario"]
[Result "1-0"]
[WhiteElo "1653"]
[BlackElo "1681"]
[PlyCount "57"]
[EventDate "2000.08.20"]

1. e4 c5 2. Nf3 d6 3. d4 cxd4 4. Nxd4 Nf6 5. Nc3 g6 6. Be3 Bg7 7. f3 Nc6 8. Qd2
O-O 9. Bc4 Bd7 10. O-O-O Rc8 11. Bb3 Ne5 12. Bh6 Nc4 13. Bxc4 Rxc4 14. Bxg7
Kxg7 15. g4 Qa5 16. Nb3 Qc7 17. h4 Rc8 18. e5 dxe5 19. g5 Bf5 20. gxf6+ exf6
21. h5 b5 22. hxg6 fxg6 23. Rh2 b4 24. Ne4 Rxc2+ 25. Qxc2 Qb6 26. Nbc5 Bxe4 27.
Qxe4 Rxc5+ 28. Rc2 Ra5 29. Rd7+ 1-0